000 00891nam a2200253Ia 4500
003 OSt
005 20220925193925.0
006 a|||||r|||| 00| 0
007 ta
008 220923b |||||||| |||| 00| 0 eng d
020 _a9780521692106
_c1672.04
037 _bINDXL/RTL/116/08-08, 23/01/2009, Index International
_cGeneral Book
040 _aRTL
_cRTL
_beng
041 _2eng
_aeng
082 _aX:(B), P7
100 _aBlundell Richard Ed.
_9248170
245 0 _aAdvances in economics and econometrics
_b Theory and applications, ninth world congress,V3
260 _aCambridge
_bCambridge university press
_c2007
300 _axix,419p.
_ccm.
490 _aEconometric Society Monographs ,43
650 _aEconomics
942 _hX:(B), P7
_cGB
_2CC
999 _c527602
_d527602